LDR 01080nam a2200265 i 4500 001 000000072188 003 CaOOAMICUS 005 20260522171358.0 008 000315s2000 it u000 u ita u 020 $a88-06-15123-1 040 $aSeMil$bita 245 12$aL'Abruzzo /$ca cura di Massimo Costantini e Costantino Felice. 264 1$aTorino :$bEinaudi,$c2000. 300 $aXX, 1162 p., [16] c. di tav. :$bill. ;$c22 cm 650 4$aAbruzzo - Storia - Sec. 19.-20.$0(OLS)http://semarc/subject/60350 700 1 $aCostantini, Massimo.$0(OLS)http://semarc/name/35750 700 1 $aFelice, Costantino.$0(OLS)http://semarc/name/35751 773 0 $tStoria d'Italia.$dTorino : Einaudi, 1977-2002.$w()3449 850 $aSeMil 852 $aSeMil$W1$xVenegono$y1$mSL1.J V 15$j272416$B38341$CSeMilBibl$Z2$F38344 $8I 961 $aAcquisto: Casa editrice 996 $6020$a88-06-15123-1$9(OLS)http://semarc/number/51435 996 $6245$aL'Abruzzo$9(OLS)http://semarc/title/116315 996 $6264$aTorino :$bEinaudi$9(OLS)http://semarc/publisher/29884